| 000 | 00338nam a2200145Ia 4500 | ||
|---|---|---|---|
| 005 | 20260328104318.0 | ||
| 008 | 260328s9999||||xx |||||||||||||| ||und|| | ||
| 100 | _aGray, Vernon | ||
| 245 | 4 |
_aThe Central Park / _cVernon Gray |
|
| 250 | _a5a ed. | ||
| 260 | _bElizabeth Barlow | ||
| 300 | _a135 p. | ||
| 650 | _aJARDINES | ||
| 942 | _cBK | ||
| 999 |
_c11231 _d11231 |
||